Revista română de studii eurasiatice

Detalles Bibliográficos
Autor Corporativo: Universitatea "Ovidius" Constanța. Centrul de Studii Eurasiatice
Formato: Electrónico Revista
Lenguaje:rumano
Publicado: Constanța [Romania] : Ovidius University Press, 2005-
Materias:
Acceso en línea:Full text available from Research Library: 01/01/2013 to present

MARC

LEADER 00000nas a2200000 a 4500
001 ssj0000548247
003 WaSeSS
005 20200512172242.0
006 m d
007 cr n
008 091019c20059999rm ar p s 0 0rum
010 |a  2009213576 
022 |l 1841-477X  |y 1841-477X 
035 |a (WaSeSS)ssj0000548247 
040 |a DLC  |c DLC  |d DLC  |d OCoLC  |d WaSeSS 
041 0 |a rum  |b eng  |f eng 
042 |a pcc 
050 0 0 |a DS5  |b .R389 
245 0 0 |a Revista română de studii eurasiatice  |h [electronic resource] /  |c Universitatea "Ovidius" Constanța, Facultatea de Istorie și Științe Politice, Centrul de Studii Eurasiatice. 
260 |a Constanța [Romania] :  |b Ovidius University Press,  |c 2005- 
310 |a Annual 
362 0 |a Anul 1, nr. 1 (2005)- 
506 |a License restrictions may limit access. 
546 |a Chiefly in Romanian; some articles in English; summaries and table of contents in English. 
651 0 |a Eurasia  |x History  |v Periodicals. 
651 0 |a Europe  |x History  |v Periodicals. 
651 0 |a Asia  |x History  |v Periodicals. 
655 0 |a Electronic journals. 
710 2 |a Universitatea "Ovidius" Constanța.  |b Centrul de Studii Eurasiatice. 
850 |a DLC 
856 4 0 |z Full text available from Research Library: 01/01/2013 to present  |u https://search.proquest.com/publication/2032478